| 000 | 00625nam a2200217Ia 4500 | ||
|---|---|---|---|
| 003 | OSt | ||
| 005 | 20251124134705.0 | ||
| 008 | 210716s2011 xx 000 0 und d | ||
| 020 | _a9788131510995 | ||
| 040 | _cAIMIT LIBRARY | ||
| 041 | _aeng | ||
| 082 |
_a006.3 _21 _bKAUS |
||
| 100 |
_aKaushik, Saroj. _9246726 |
||
| 245 |
_aArtificial intelligence / _cBy Saroj Kaushik. |
||
| 250 | _a1st ed. | ||
| 260 |
_aAustralia : _bCengage Learning , _c2011. |
||
| 300 |
_aix,645p. ; _bPB _c24.5 cm |
||
| 650 |
_aProgramming language _9246727 |
||
| 650 |
_aFuzzy sets and fuzzy logic _9246728 |
||
| 942 |
_2ddc _cBK _e1st _k006.3 KAUS |
||
| 999 |
_c192813 _d192813 |
||